000 00423nam a2200181Ia 4500
001 1965
005 20260306143807.0
008 260306t2005||||xx |||||||||||||| ||spa||
041 _aESP
082 _a158.7
_bL22
100 _aLandy, Frank J.
_eAUT
245 0 _aPsicologĂ­a industrial texto impreso
260 _c2005
300 _a620 páginas :
_ccm.
650 _aGEN
654 _aCPS
942 _cLIB
_dJUS
_fJUS
_2ddc
_n
999 _c1965
_d1965